[Event "ITA-ch blitz"]
[Site "Chianciano Terme"]
[Date "2018.04.01"]
[Round "2"]
[White "Pienabarca, Nicola"]
[Black "Dvirnyy, Danyyil"]
[Result "0-1"]
[WhiteElo "2060"]
[BlackElo "2537"]
[PlyCount "47"]
[EventDate "2018.04.01"]
[EventType "swiss (blitz)"]
[EventRounds "11"]
[EventCountry "ITA"]
[SourceTitle "CBM 183 Extra"]
[Source "ChessBase"]
[SourceDate "2018.04.19"]
[SourceVersion "1"]
[SourceVersionDate "2018.04.19"]
[SourceQuality "1"]

1. d4 Nf6 2. c4 e6 3. Nc3 Bb4 4. f3 c5 5. e3 0-0 6. Bd3 d5 7. cxd5 exd5 8. Nge2 Nc6 9. 0-0 Re8 10. Bc2 b6 11. a3 Ba5 12. Kh1 Ba6 13. Re1 Rc8 14. Nf4 cxd4 15. exd4 Nxd4 16. Rxe8+ Qxe8 17. b4 Nxc2 18. Ra2 Rxc3 19. bxa5 Ne3 20. Qd2 d4 21. axb6 axb6 22. Bb2 Nc4 23. Qd1 Rc2 24. Nd3 0-1

[Event "Biella op"]
[Site "Biella"]
[Date "2014.09.28"]
[Round "5"]
[White "Bonade, Massimo"]
[Black "Pienabarca, Nicola"]
[Result "0-1"]
[WhiteElo "2103"]
[BlackElo "2103"]
[PlyCount "106"]
[EventDate "2014.09.26"]
[EventType "swiss"]
[EventRounds "5"]
[EventCountry "ITA"]
[SourceTitle "EXT 2016"]
[Source "ChessBase"]
[SourceDate "2015.10.08"]
[SourceVersion "1"]
[SourceVersionDate "2015.10.08"]
[SourceQuality "1"]

1. d4 Nf6 2. c4 c5 3. d5 e6 4. Nc3 exd5 5. cxd5 d6 6. e4 g6 7. Nf3 Bg7 8. Be2 Bg4 9. 0-0 0-0 10. Be3 Re8 11. Qc2 Bxf3 12. Bxf3 Na6 13. Rfe1 Nc7 14. a4 Na6 15. Bf4 Nb4 16. Qd2 Qb8 17. Nb5 Bf8 18. Na3 Nd7 19. Nc4 Qc7 20. Rad1 Nb6 21. Nxb6 axb6 22. Ra1 Bg7 23. Ra3 Qd7 24. Bd1 Bd4 25. Rh3 Qe7 26. Bb3 Qf6 27. Re2 b5 28. Bg5 Qe5 29. Bf4 Qe7 30. Bg5 f6 31. Bf4 bxa4 32. Bc4 Qd7 33. Re1 b5 34. Bf1 Na6 35. Bd3 Nc7 36. Be3 Bxe3 37. Rhxe3 b4 38. Bb1 Nb5 39. f4 Qc7 40. h4 a3 41. bxa3 Rxa3 42. h5 Rxe3 43. Rxe3 Nc3 44. Bc2 Qf7 45. hxg6 hxg6 46. e5 fxe5 47. fxe5 dxe5 48. Rg3 e4 49. Kh2 Re5 50. Bb3 e3 51. Qe1 Rh5+ 52. Kg1 Qf2+ 53. Qxf2 exf2+ 0-1

[Event "London Classic op 5th"]
[Site "London"]
[Date "2013.12.13"]
[Round "7"]
[White "Shah, Dipak K"]
[Black "Pienabarca, Nicola"]
[Result "0-1"]
[WhiteElo "1886"]
[BlackElo "2139"]
[PlyCount "66"]
[EventDate "2013.12.07"]
[EventType "swiss"]
[EventRounds "9"]
[EventCountry "ENG"]
[SourceTitle "CBM 157 Extra"]
[Source "ChessBase"]
[SourceDate "2013.12.19"]
[SourceVersion "1"]
[SourceVersionDate "2013.12.19"]
[SourceQuality "1"]

1. e4 e5 2. Nf3 Nc6 3. c3 Nf6 4. d4 Nxe4 5. dxe5 Bc5 6. Nd4 Qh4 7. Be3 Nxd4 8. cxd4 Bb4+ 9. Ke2 Nxf2 10. Qb3 Nxh1 11. Qxb4 Qxh2 12. Nc3 d6 13. Nd5 0-0 14. Nxc7 Bg4+ 15. Kd2 Rac8 16. exd6 Ng3 17. d5 Rfd8 18. Qxg4 Nxf1+ 19. Rxf1 Qxd6 20. Bf4 Qb4+ 21. Ke3 Rxc7 22. Bxc7 Qxg4 23. Bxd8 Qd7 24. Ba5 Qxd5 25. Bc3 Qxg2 26. Rd1 h5 27. Rd2 Qg3+ 28. Ke4 f6 29. Rd3 Qg4+ 30. Ke3 h4 31. Kf2 h3 32. Rg3 Qh4 33. Be1 h2 0-1

[Event "London Classic op 5th"]
[Site "London"]
[Date "2013.12.11"]
[Round "5"]
[White "Amato, Giampiero"]
[Black "Pienabarca, Nicola"]
[Result "1/2-1/2"]
[WhiteElo "2009"]
[BlackElo "2139"]
[PlyCount "93"]
[EventDate "2013.12.07"]
[EventType "swiss"]
[EventRounds "9"]
[EventCountry "ENG"]
[SourceTitle "CBM 157 Extra"]
[Source "ChessBase"]
[SourceDate "2013.12.19"]
[SourceVersion "1"]
[SourceVersionDate "2013.12.19"]
[SourceQuality "1"]

1. e4 e5 2. Nf3 Nc6 3. Bb5 Bc5 4. c3 Nf6 5. 0-0 0-0 6. d4 Bb6 7. d5 Ne7 8. Bd3 d6 9. Na3 c6 10. dxc6 bxc6 11. Nc4 Bc7 12. Qe2 Ng6 13. Rd1 Qe7 14. b3 Rd8 15. Qe3 Ng4 16. Qe1 d5 17. Ne3 Nf6 18. Nf5 Qe8 19. Ng3 Nf4 20. Bc2 Bg4 21. Be3 h5 22. Rd2 Bxf3 23. gxf3 g6 24. Kh1 Qe6 25. Qf1 Nh7 26. Bxf4 exf4 27. exd5 cxd5 28. Ne2 Qc6 29. Qg2 Be5 30. Rad1 Bxc3 31. Nxc3 Qxc3 32. Be4 Nf6 33. Qg5 Nxe4 34. fxe4 Qf3+ 35. Qg2 Qxg2+ 36. Kxg2 Re8 37. exd5 Rad8 38. d6 Rd7 39. Kf3 Kg7 40. Kxf4 Kf6 41. h4 Rb8 42. Rd4 Rb6 43. b4 Ke6 44. a4 f6 45. Re1+ Kf7 46. Red1 Ke6 47. Re1+ 1/2-1/2

[Event "Bergamo op 12th"]
[Site "Bergamo"]
[Date "2013.07.21"]
[Round "6"]
[White "Farago, Ivan"]
[Black "Pienabarca, Nicola"]
[Result "1-0"]
[WhiteElo "2447"]
[BlackElo "2115"]
[PlyCount "51"]
[EventDate "2013.07.19"]
[EventType "swiss"]
[EventRounds "6"]
[EventCountry "ITA"]
[SourceTitle "CBM 155 Extra"]
[Source "ChessBase"]
[SourceDate "2013.08.26"]
[SourceVersion "1"]
[SourceVersionDate "2013.08.26"]
[SourceQuality "1"]

1. d4 Nf6 2. c4 g6 3. Nc3 d5 4. e3 Bg7 5. Qb3 c6 6. Nf3 0-0 7. Bd2 e6 8. Bd3 Nbd7 9. 0-0 dxc4 10. Bxc4 Nb6 11. Be2 Nfd7 12. a4 a5 13. e4 c5 14. Bg5 Bf6 15. Bxf6 Nxf6 16. dxc5 Nbd7 17. Rfd1 Nxc5 18. Qa3 Qb6 19. e5 Nfe4 20. Nxe4 Nxe4 21. Rd4 Nc5 22. Rad1 Qc7 23. Qe3 Bd7 24. Qh6 f6 25. exf6 Bxa4 26. Rd7 1-0

[Event "Bergamo op 12th"]
[Site "Bergamo"]
[Date "2013.07.21"]
[Round "5"]
[White "Pienabarca, Nicola"]
[Black "Neuschmied, Siegfried"]
[Result "1-0"]
[WhiteElo "2115"]
[BlackElo "2243"]
[PlyCount "81"]
[EventDate "2013.07.19"]
[EventType "swiss"]
[EventRounds "6"]
[EventCountry "ITA"]
[SourceTitle "CBM 155 Extra"]
[Source "ChessBase"]
[SourceDate "2013.08.26"]
[SourceVersion "1"]
[SourceVersionDate "2013.08.26"]
[SourceQuality "1"]

1. d4 Nf6 2. c4 e6 3. g3 d5 4. Bg2 dxc4 5. Nf3 a6 6. a4 Bb4+ 7. Bd2 c5 8. Bxb4 cxb4 9. Qc2 Nc6 10. Qxc4 0-0 11. 0-0 Qe7 12. Nbd2 Bd7 13. e4 Rfc8 14. Qd3 e5 15. Nc4 exd4 16. Nb6 Be6 17. Nxa8 Rxa8 18. Nxd4 Qd7 19. Rfd1 Ne5 20. Qd2 Bh3 21. Nf3 Qxd2 22. Rxd2 Bxg2 23. Kxg2 Nc4 24. Rd4 Rc8 25. b3 Na5 26. Rxb4 Kf8 27. Rd1 Ke7 28. Rd3 Nd7 29. Nd4 g6 30. f4 Rc1 31. e5 Nc5 32. Re3 Rd1 33. Nf3 Rb1 34. Nd4 Rd1 35. Ne2 Rb1 36. Nc3 Rc1 37. Ne4 Rc2+ 38. Kh3 Ne6 39. Rc3 Re2 40. Nd6 Nd8 41. Rb6 1-0

[Event "Bergamo op 12th"]
[Site "Bergamo"]
[Date "2013.07.19"]
[Round "1"]
[White "Pienabarca, Nicola"]
[Black "Georgiev, Kiril"]
[Result "0-1"]
[WhiteElo "2115"]
[BlackElo "2636"]
[PlyCount "106"]
[EventDate "2013.07.19"]
[EventType "swiss"]
[EventRounds "6"]
[EventCountry "ITA"]
[SourceTitle "CBM 155 Extra"]
[Source "ChessBase"]
[SourceDate "2013.08.26"]
[SourceVersion "1"]
[SourceVersionDate "2013.08.26"]
[SourceQuality "1"]

1. d4 Nf6 2. c4 e5 3. dxe5 Ng4 4. Nf3 Bc5 5. e3 Nc6 6. Be2 0-0 7. 0-0 Ngxe5 8. Nxe5 Nxe5 9. Nd2 Re8 10. Nf3 d6 11. Bd2 a5 12. Bc3 Qe7 13. Bd4 Nc6 14. Bxc5 dxc5 15. Qc1 Qf6 16. Rd1 Bg4 17. a3 b6 18. Qc2 g6 19. h3 Bf5 20. Qc1 a4 21. Nd2 Na5 22. Bf3 Rad8 23. e4 Be6 24. Qc2 Rd4 25. Qxa4 Red8 26. b4 Nxc4 27. Nxc4 Rxc4 28. Rxd8+ Qxd8 29. Rd1 Qf8 30. Qa7 cxb4 31. axb4 Qxb4 32. Qa8+ Kg7 33. Rd8 f6 34. Rd1 Qe7 35. Qa1 Bf7 36. Qb2 h5 37. Qb5 Qc5 38. Qd7 Rc2 39. Rd2 Rc1+ 40. Rd1 Rc2 41. Rd2 Rxd2 42. Qxd2 Be6 43. g4 h4 44. Qb2 b5 45. Bd1 b4 46. Bb3 Qc3 47. Qxc3 bxc3 48. Bc2 g5 49. Kf1 Bc4+ 50. Ke1 Kf7 51. f3 Ke6 52. Kf2 Ke5 53. Ba4 Kd4 0-1

[Event "Bad Woerishofen op 29th"]
[Site "Bad Woerishofen"]
[Date "2013.03.07"]
[Round "7"]
[White "Taufratshofer, Martin"]
[Black "Pienabarca, Nicola"]
[Result "1/2-1/2"]
[WhiteElo "1977"]
[BlackElo "2120"]
[PlyCount "29"]
[EventDate "2013.03.01"]
[EventType "swiss"]
[EventRounds "9"]
[EventCountry "GER"]
[SourceTitle "CBM 153 Extra"]
[Source "ChessBase"]
[SourceDate "2013.04.22"]
[SourceVersion "1"]
[SourceVersionDate "2013.04.22"]
[SourceQuality "1"]

1. Nf3 Nf6 2. c4 c5 3. Nc3 d5 4. cxd5 Nxd5 5. g3 Nc6 6. Bg2 Nc7 7. 0-0 e5 8. d3 Be7 9. b3 0-0 10. Bb2 Be6 11. Rc1 f6 12. Nd2 Qd7 13. Qc2 Rac8 14. Qb1 Nd4 15. Bxb7 1/2-1/2

[Event "Bayern-chI Bank Hofmann 15th"]
[Site "Bad Wiessee"]
[Date "2011.11.01"]
[Round "4"]
[White "Grandadam, Nicolas"]
[Black "Pienabarca, Nicola"]
[Result "1-0"]
[WhiteElo "2336"]
[BlackElo "2106"]
[PlyCount "29"]
[EventDate "2011.10.29"]
[EventType "swiss"]
[EventRounds "9"]
[EventCountry "GER"]
[SourceTitle "EXT 2012"]
[Source "ChessBase"]
[SourceDate "2011.11.24"]
[SourceVersion "1"]
[SourceVersionDate "2011.11.24"]
[SourceQuality "1"]

1. Nf3 Nf6 2. c4 g6 3. Nc3 d5 4. cxd5 Nxd5 5. Qa4+ Bd7 6. Qb3 Nb6 7. d4 Bg7 8. Bf4 0-0 9. Rd1 Be6 10. d5 Bxc3+ 11. bxc3 Bg4 12. c4 N8d7 13. Bh6 Re8 14. c5 Bxf3 15. gxf3 1-0

[Event "Biella op-A 2nd"]
[Site "Biella"]
[Date "2011.09.24"]
[Round "2"]
[White "Genocchio, Daniele"]
[Black "Pienabarca, Nicola"]
[Result "1-0"]
[WhiteElo "2432"]
[BlackElo "2106"]
[PlyCount "105"]
[EventDate "2011.09.23"]
[EventType "swiss"]
[EventRounds "5"]
[EventCountry "ITA"]
[SourceTitle "CBM 144 Extra"]
[Source "ChessBase"]
[SourceDate "2011.10.28"]
[SourceVersion "1"]
[SourceVersionDate "2011.10.28"]
[SourceQuality "1"]

1. e4 e5 2. Nf3 Nc6 3. Bc4 Nf6 4. d3 Be7 5. c3 0-0 6. 0-0 d6 7. Bb3 h6 8. Nbd2 Re8 9. Re1 Bf8 10. Nf1 Ne7 11. Ng3 Ng6 12. d4 c6 13. h3 Qc7 14. Be3 Bd7 15. Bc2 Rad8 16. c4 c5 17. d5 a6 18. a3 b5 19. b4 cxb4 20. axb4 bxc4 21. Rxa6 Rb8 22. Ra7 Rb7 23. Rxb7 Qxb7 24. Qd2 Ra8 25. Qc3 Bb5 26. Ra1 Ne8 27. Nd2 Rxa1+ 28. Qxa1 Ne7 29. Ne2 f5 30. f3 f4 31. Bf2 Nc7 32. Nc3 Nc8 33. Qa5 Be7 34. Nxb5 Nxb5 35. Nxc4 Nca7 36. Ba4 Qb8 37. Qb6 Qxb6 38. Bxb6 Kf7 39. Na5 Nc3 40. Bc2 Nab5 41. Bd3 Ke8 42. Nc6 Bh4 43. Kf1 Kd7 44. Bxb5 Nxb5 45. Ke2 Kc8 46. Kd3 Kb7 47. Ba5 Na7 48. Kc4 Nc8 49. Nd8+ Bxd8 50. Bxd8 g6 51. Kb5 Na7+ 52. Ka5 Nc8 53. b5 1-0

[Event "Porto San Giorgio op 23rd"]
[Site "Porto San Giorgio"]
[Date "2011.08.28"]
[Round "9"]
[White "Pienabarca, Nicola"]
[Black "Cantoro, Daniele"]
[Result "0-1"]
[WhiteElo "2110"]
[BlackElo "1999"]
[PlyCount "106"]
[EventDate "2011.08.21"]
[EventType "swiss"]
[EventRounds "9"]
[EventCountry "ITA"]
[SourceTitle "CBM 144 Extra"]
[Source "ChessBase"]
[SourceDate "2011.10.28"]
[SourceVersion "1"]
[SourceVersionDate "2011.10.28"]
[SourceQuality "1"]

1. d4 d5 2. Nf3 Nc6 3. c4 Bg4 4. cxd5 Bxf3 5. dxc6 Bxc6 6. Nc3 e6 7. f3 Bb4 8. e4 f5 9. Bc4 fxe4 10. 0-0 exf3 11. Bxe6 Qf6 12. Nd5 Bxd5 13. Bxd5 0-0-0 14. Rxf3 Qd6 15. Bb3 Nf6 16. a3 Bc5 17. Be3 Ng4 18. Bf4 Bxd4+ 19. Kh1 Be5 20. Qxd6 Rxd6 21. Re1 Bxf4 22. Rxf4 Nf6 23. Re7 Re8 24. Rxe8+ Nxe8 25. Rf8 Kd8 26. h3 Rf6 27. Rh8 h6 28. Bd5 c6 29. Bf3 Ke7 30. Bh5 Rf8 31. Rxf8 Kxf8 32. Kg1 Nd6 33. b3 Nb5 34. a4 Nd4 35. Bd1 Ke7 36. Kf2 Kd6 37. Ke3 Ke5 38. b4 g5 39. Kd3 Nf5 40. Bh5 Nh4 41. g3 Nf5 42. g4 Ne7 43. Kc4 Nd5 44. Kc5 Nf4 45. Be8 Nxh3 46. a5 Nf4 47. a6 Ne6+ 48. Kc4 b5+ 49. Kc3 Kd6 50. Kd3 Nc7 51. Bf7 Ke5 52. Kc3 Nxa6 53. Be8 Kd6 0-1

[Event "Porto San Giorgio op 23rd"]
[Site "Porto San Giorgio"]
[Date "2011.08.23"]
[Round "4"]
[White "Giampieri, Stefano"]
[Black "Pienabarca, Nicola"]
[Result "0-1"]
[WhiteElo "1847"]
[BlackElo "2110"]
[PlyCount "65"]
[EventDate "2011.08.21"]
[EventType "swiss"]
[EventRounds "9"]
[EventCountry "ITA"]
[SourceTitle "CBM 144 Extra"]
[Source "ChessBase"]
[SourceDate "2011.10.28"]
[SourceVersion "1"]
[SourceVersionDate "2011.10.28"]
[SourceQuality "1"]

1. d4 Nf6 2. c4 g6 3. Nc3 d5 4. Nf3 Bg7 5. e3 0-0 6. Bd3 c5 7. h3 cxd4 8. exd4 Nc6 9. Be3 Nb4 10. Be2 Bf5 11. Rc1 dxc4 12. Bxc4 Rc8 13. Be2 Nfd5 14. Qd2 Nxe3 15. fxe3 e5 16. 0-0 e4 17. Nxe4 Rxc1 18. Rxc1 Nxa2 19. Ra1 Bxe4 20. Rxa2 Qb6 21. Qa5 Bh6 22. Qc3 Qe6 23. Bc4 Qf6 24. Ne5 Qg5 25. Ng4 Bg7 26. Qd2 h5 27. Nh2 a6 28. Ra5 Qg3 29. Qf2 Qxf2+ 30. Kxf2 Rc8 31. Bd5 Rc2+ 32. Kf1 Bd3+ 33. Ke1 0-1

[Event "Imperia op-A 52th"]
[Site "Imperia"]
[Date "2010.08.30"]
[Round "2"]
[White "Pienabarca, Nicola"]
[Black "Jurek, Josef"]
[Result "0-1"]
[WhiteElo "2068"]
[BlackElo "2352"]
[PlyCount "166"]
[EventDate "2010.08.29"]
[EventType "swiss"]
[EventRounds "9"]
[EventCountry "ITA"]
[SourceTitle "EXT 2024"]
[Source "ChessBase"]
[SourceDate "2023.10.10"]
[SourceVersion "1"]
[SourceVersionDate "2023.10.10"]
[SourceQuality "1"]

1. d4 Nf6 2. Nf3 e6 3. g3 b5 4. Bg2 Bb7 5. 0-0 c5 6. c3 Be7 7. Bg5 Na6 8. a4 b4 9. Qd3 Rc8 10. Ne5 Bxg2 11. Kxg2 Qb6 12. Nd2 0-0 13. Qb5 Nb8 14. Qxb6 axb6 15. Nec4 h6 16. Bxf6 Bxf6 17. Nxb6 Rc6 18. dxc5 bxc3 19. bxc3 Bxc3 20. Ra2 d6 21. a5 dxc5 22. Ne4 Bb4 23. Rd1 f5 24. Nd6 Rd8 25. Nbc4 Ra6 26. Raa1 Nc6 27. Nb7 Rd5 28. f3 Ra7 29. a6 Nb8 30. Nd8 Rxa6 31. Rxa6 Nxa6 32. Ra1 Rxd8 33. Rxa6 Rd4 34. Ne5 Rd2 35. Kf2 Bc3 36. Rxe6 Bd4+ 37. Ke1 Rc2 38. Kd1 Rc3 39. h4 c4 40. h5 Be3 41. Re8+ Kh7 42. Nd3 cxd3 43. Rxe3 dxe2+ 44. Kxe2 Rc2+ 45. Kf1 Rh2 46. g4 Rh4 47. Kg2 fxg4 48. Kg3 Rxh5 49. fxg4 Ra5 50. Re6 Rg5 51. Kh4 Rg6 52. Re8 Ra6 53. Rb8 Ra3 54. Rb7 Rf3 55. Ra7 Re3 56. Rb7 Kg8 57. Kh5 Kh7 58. Kh4 Kg6 59. Rb6+ Kf7 60. Rb7+ Kf6 61. Rb6+ Kf7 62. Rb7+ Kg8 63. Kh5 Re5+ 64. Kh4 Kh7 65. Ra7 Re6 66. Rb7 Kg6 67. Rb5 Rf6 68. Rb7 Ra6 69. Rc7 Kf6 70. Rc3 g6 71. Rf3+ Kg7 72. Rb3 Kf7 73. Rf3+ Ke7 74. Rf2 Ra5 75. Re2+ Kf6 76. Rf2+ Ke6 77. Rf8 Ra3 78. Rf2 Ke5 79. Rb2 Kf4 80. Rb4+ Kf3 81. Rb6 Ra1 82. Rf6+ Kg2 83. g5 Ra4+ 0-1

[Event "Arco op 31st"]
[Site "Arco"]
[Date "2009.10.21"]
[Round "6"]
[White "Ager, Josef"]
[Black "Pienabarca, Nicola"]
[Result "1-0"]
[WhiteElo "2226"]
[BlackElo "2067"]
[PlyCount "85"]
[EventDate "2009.10.17"]
[EventType "swiss"]
[EventRounds "9"]
[EventCountry "ITA"]
[SourceTitle "EXT 2010"]
[Source "ChessBase"]
[SourceDate "2010.11.25"]
[SourceVersion "1"]
[SourceVersionDate "2010.11.25"]
[SourceQuality "1"]

1. Nf3 Nf6 2. g3 d5 3. Bg2 c5 4. 0-0 Nc6 5. d4 cxd4 6. Nxd4 e5 7. Nxc6 bxc6 8. c4 Be6 9. Nc3 Qd7 10. Bg5 Rd8 11. Qa4 Be7 12. Rad1 0-0 13. Bxf6 Bxf6 14. cxd5 cxd5 15. Qxd7 Rxd7 16. Bxd5 Bg4 17. Kg2 Rb8 18. f3 Bh5 19. Bb3 Rdb7 20. e4 Bd8 21. Rd5 Re7 22. f4 Bc7 23. h3 h6 24. f5 f6 25. Rxe5+ Rxb3 26. Rxe7 Rxb2+ 27. Rf2 Rxf2+ 28. Kxf2 Bb6+ 29. Kg2 Bd4 30. Nb5 Kf8 31. Rb7 Be3 32. Nxa7 Be2 33. Nb5 Bd1 34. Nc3 Bc2 35. Kf3 Bd4 36. Rc7 Be5 37. Rc6 Ke8 38. Ne2 Bd1 39. Ra6 Kd7 40. Ra7+ Bc7 41. Ra8 Bd8 42. Ke3 Bc2 43. Nc3 1-0